000 00412cam a2200181ua 4500
020 _cRs 3.00
041 _ahin
_h
082 _a891.54
_bDAN/DA
100 _aDanddi, .
245 _aDashkumarcharit /
_cDanddi.
_hTextual Documents
250 _a2 /
_b.
260 _a :
_bRajpal and Sanch ,
_c1960.
300 _a182 ; .
365 _aRs 3.00
504 _a
942 _cBK
999 _c3584
_d3584